[Event "Basel op"]
[Site "Basel"]
[Date "2014.01.02"]
[Round "3"]
[White "Hund, Barbara"]
[Black "Engesser, Jonas"]
[Result "1-0"]
[WhiteElo "2169"]
[BlackElo "1847"]
[PlyCount "49"]
[EventDate "2014.01.01"]
[EventType "swiss"]
[EventRounds "7"]
[EventCountry "SUI"]
[SourceTitle "CBM 158 Extra"]
[Source "ChessBase"]
[SourceDate "2014.02.28"]
[SourceVersion "1"]
[SourceVersionDate "2014.02.28"]
[SourceQuality "1"]

1. e4 c5 2. Nc3 d6 3. f4 Nc6 4. Nf3 g6 5. Bb5 Bd7 6. 0-0 e6 7. d4 cxd4 8. Nxd4 Bg7 9. Nde2 Qc7 10. f5 Nf6 11. Bf4 e5 12. Bg5 Qb6+ 13. Kh1 0-0-0 14. Bxc6 Bxc6 15. Bxf6 Bxf6 16. Nd5 Bxd5 17. Qxd5 gxf5 18. Rxf5 Qxb2 19. Raf1 Be7 20. Rxf7 Bg5 21. Nc3 Rd7 22. Rxd7 Kxd7 23. Nb5 Kc8 24. Nxd6+ Kb8 25. Nf7 1-0

[Event "Berlin Lichtenberger op 12th"]
[Site "Berlin"]
[Date "2013.08.25"]
[Round "9"]
[White "Werner, Justus"]
[Black "Engesser, Jonas"]
[Result "0-1"]
[WhiteElo "1737"]
[BlackElo "1824"]
[PlyCount "110"]
[EventDate "2013.08.17"]
[EventType "swiss"]
[EventRounds "9"]
[EventCountry "GER"]
[SourceTitle "CBM 156 Extra"]
[Source "ChessBase"]
[SourceDate "2013.10.22"]
[SourceVersion "1"]
[SourceVersionDate "2013.10.22"]
[SourceQuality "1"]

1. c4 e6 2. Nf3 d5 3. g3 c5 4. Bg2 Nc6 5. 0-0 Nf6 6. d3 Be7 7. Nc3 0-0 8. e4 dxe4 9. dxe4 b6 10. Qe2 Bb7 11. Rd1 Qc8 12. b3 Rd8 13. Bb2 Nd4 14. Nxd4 cxd4 15. Nb5 e5 16. f4 d3 17. Rxd3 Rxd3 18. Qxd3 Bc5+ 19. Kf1 Ng4 20. Ke1 Nf2 21. Qe2 exf4 22. gxf4 f5 23. b4 Qd7 24. bxc5 Nd3+ 25. Kf1 Nxf4 26. Qf2 fxe4 27. Qxf4 Rf8 28. Qxf8+ Kxf8 29. cxb6 Qd2 30. Ba3+ Kg8 31. Kg1 a6 32. Rf1 Qe3+ 33. Kh1 h6 34. Nd6 Qxa3 35. Nxb7 e3 36. Bd5+ Kh8 37. Bf3 Qd3 38. Kg1 e2 39. Bxe2 Qxe2 40. c5 Qg4+ 41. Kf2 Qd4+ 42. Kg3 Qe5+ 43. Kf2 Qd5 44. Ke1 Qxb7 45. Rf2 Qe7+ 46. Kf1 Qxc5 47. b7 Qb5+ 48. Kg1 Qxb7 49. Kf1 a5 50. Ke1 a4 51. Kf1 a3 52. Kg1 Kh7 53. Kf1 Kg6 54. Kg1 Kg5 55. Rg2+ Kf4 0-1

[Event "Berlin Lichtenberger op 12th"]
[Site "Berlin"]
[Date "2013.08.23"]
[Round "7"]
[White "Engesser, Jonas"]
[Black "Landt, Stefan"]
[Result "1-0"]
[WhiteElo "1824"]
[BlackElo "1929"]
[PlyCount "86"]
[EventDate "2013.08.17"]
[EventType "swiss"]
[EventRounds "9"]
[EventCountry "GER"]
[SourceTitle "CBM 156 Extra"]
[Source "ChessBase"]
[SourceDate "2013.10.22"]
[SourceVersion "1"]
[SourceVersionDate "2013.10.22"]
[SourceQuality "1"]

1. e4 c5 2. Nf3 Nc6 3. d4 cxd4 4. Nxd4 Nf6 5. Nc3 e5 6. Ndb5 d6 7. Bg5 a6 8. Na3 b5 9. Bxf6 gxf6 10. Nd5 Bg7 11. Bd3 0-0 12. c3 Ne7 13. Qh5 f5 14. Nxe7+ Qxe7 15. 0-0 d5 16. exd5 e4 17. Rae1 Qc5 18. Bb1 b4 19. cxb4 Qxb4 20. Nc2 Qxb2 21. Ne3 Qe5 22. f3 f4 23. Qxe5 Bxe5 24. Nc4 Bd4+ 25. Kh1 e3 26. Re2 Bd7 27. Rd1 Rab8 28. g3 Ba7 29. gxf4 Rfc8 30. Bd3 Bb5 31. Nxe3 Bxd3 32. Rxd3 Re8 33. d6 Rbd8 34. Rg2+ Kf8 35. Nc2 Re6 36. Rgd2 Rg6 37. Rd1 h5 38. Nb4 Bc5 39. Nxa6 Bxd6 40. Nb4 Rb8 41. Nc6 Rb6 42. Ne5 Bxe5 43. fxe5 Rb2 1-0